[Event "FBL 1"]
[Site "?"]
[Date "2018.10.27"]
[Round "1.3"]
[White "Rubina, Tatiana"]
[Black "Roessler, Ulrike"]
[Result "0-1"]
[WhiteElo "2015"]
[BlackElo "2109"]
[PlyCount "106"]
[EventDate "2018.10.27"]
[EventType "team-tourn"]
[EventCountry "GER"]
[WhiteTeam "Karlsruher SF"]
[BlackTeam "Hofheim SV"]
[WhiteTeamCountry "GER"]
[BlackTeamCountry "GER"]

1. e4 g6 2. Nc3 Bg7 3. Bc4 d6 4. f4 Nf6 5. d3 c6 6. Nf3 d5 7. exd5 cxd5 8. Bb3
O-O 9. O-O Bg4 10. Qe1 Bxf3 11. Rxf3 e6 12. Kh1 Nc6 13. Rh3 Nd4 14. Ne2 Ng4 15.
Nxd4 Bxd4 16. Rf3 h5 17. c3 Bg7 18. d4 b5 19. h3 Nh6 20. a3 a5 21. Be3 Nf5 22.
Bf2 Qb6 23. Bc2 Nd6 24. g4 hxg4 25. hxg4 b4 26. axb4 axb4 27. Rb1 Rfc8 28. Kg2
bxc3 29. bxc3 Qc6 30. Rb3 Nb5 31. Bb1 Ra3 32. Rxa3 Nxa3 33. f5 exf5 34. gxf5
Re8 35. Qc1 Nxb1 36. Qxb1 g5 37. Qh1 Re4 38. Qh5 g4 39. Rg3 Qh6 40. Qh2 Qxh2+
41. Kxh2 Bh6 42. Rg1 Kg7 43. Rb1 Bf4+ 44. Kg2 Re2 45. Kf1 Rc2 46. Rb5 g3 47.
Bg1 Kf6 48. Rxd5 Kg5 49. f6+ Kg4 50. Rb5 Kf3 51. Rb1 Rxc3 52. Ra1 Rd3 53. Rb1
g2+ 0-1

[Event "FBL 1"]
[Site "?"]
[Date "2018.10.27"]
[Round "1.4"]
[White "Kushka, Alena"]
[Black "Scheynin, Julia"]
[Result "1-0"]
[WhiteElo "2142"]
[BlackElo "2007"]
[PlyCount "117"]
[EventDate "2018.10.27"]
[EventType "team-tourn"]
[EventCountry "GER"]
[WhiteTeam "Hofheim SV"]
[BlackTeam "Karlsruher SF"]
[WhiteTeamCountry "GER"]
[BlackTeamCountry "GER"]

1. d4 d5 2. c4 e6 3. Nc3 Nf6 4. cxd5 exd5 5. Bg5 Be7 6. e3 c6 7. Qc2 O-O 8. Bd3
Nbd7 9. Nge2 Re8 10. O-O Nf8 11. Rae1 Ng4 12. Bxe7 Rxe7 13. Ng3 a6 14. h3 Nf6
15. Na4 Ne6 16. Nf5 Re8 17. b4 g6 18. Ng3 Ng7 19. f3 Ngh5 20. Nxh5 Nxh5 21. Qf2
Qd6 22. Nb6 Rb8 23. Rb1 Ng3 24. Rfe1 Bf5 25. Bxf5 Nxf5 26. Rbd1 Rbd8 27. a3 Re7
28. g4 Ng7 29. e4 dxe4 30. fxe4 Qc7 31. d5 Ree8 32. Rf1 Rf8 33. Kg2 cxd5 34.
Nxd5 Qe5 35. Nf6+ Kh8 36. Qh4 h5 37. gxh5 g5 38. Qg3 Qxg3+ 39. Kxg3 Ne6 40. Kg4
Kg7 41. e5 Rc8 42. Rd7 Rc4+ 43. Kg3 Rc7 44. Ne8+ Rxe8 45. Rfxf7+ Kg8 46. Rxc7
Nxc7 47. Rxc7 Rxe5 48. Rxb7 Re3+ 49. Kg4 Rxa3 50. Kf5 Rd3 51. Rb6 Kh7 52. Rxa6
Rd5+ 53. Ke4 Rb5 54. Ra4 Kh6 55. Kd4 Kxh5 56. Kc4 Rf5 57. Ra3 Rf4+ 58. Kc5 Rf5+
59. Kb6 1-0

[Event "FBL 1"]
[Site "?"]
[Date "2018.10.27"]
[Round "1.5"]
[White "Basovskiy, Jana"]
[Black "Barpiyeva, Gulsana"]
[Result "1-0"]
[WhiteElo "1772"]
[BlackElo "2056"]
[PlyCount "65"]
[EventDate "2018.10.27"]
[EventType "team-tourn"]
[EventCountry "GER"]
[WhiteTeam "Karlsruher SF"]
[BlackTeam "Hofheim SV"]
[WhiteTeamCountry "GER"]
[BlackTeamCountry "GER"]

1. e4 c5 2. Nf3 e6 3. d4 cxd4 4. Nxd4 a6 5. Nc3 Qc7 6. Bd3 Nf6 7. O-O Be7 8.
Qe2 d6 9. Bd2 Nbd7 10. Rac1 O-O 11. Kh1 b5 12. a3 Bb7 13. f4 Rac8 14. Rf3 Rfe8
15. Rh3 Bf8 16. Rf1 g6 17. Qf2 Bg7 18. f5 e5 19. Nb3 d5 20. fxg6 fxg6 21. exd5
Rf8 22. Qh4 Nh5 23. Rhf3 Rxf3 24. Rxf3 Rf8 25. Rxf8+ Kxf8 26. Qb4+ Kf7 27. Qg4
Nhf6 28. Qe6+ Kf8 29. Nxb5 Bxd5 30. Bb4+ Nc5 31. Nxc7 Bxe6 32. Nxe6+ Kf7 33.
Nexc5 1-0

[Event "FBL 1"]
[Site "?"]
[Date "2018.10.27"]
[Round "1.6"]
[White "Froehlich Dill, Astrid"]
[Black "Mangei, Jasmin"]
[Result "0-1"]
[WhiteElo "1811"]
[BlackElo "1867"]
[PlyCount "84"]
[EventDate "2018.10.27"]
[EventType "team-tourn"]
[EventCountry "GER"]
[WhiteTeam "Hofheim SV"]
[BlackTeam "Karlsruher SF"]
[WhiteTeamCountry "GER"]
[BlackTeamCountry "GER"]

1. d4 d5 2. Nf3 Nf6 3. Bf4 e6 4. e3 Be7 5. Bd3 O-O 6. h3 b6 7. O-O Nbd7 8. Nbd2
Bb7 9. Rc1 c5 10. c4 cxd4 11. exd4 Rc8 12. Qa4 Bc6 13. Qb3 Ba8 14. cxd5 Nxd5
15. Bh2 Rxc1 16. Rxc1 Bg5 17. Qd1 Nf4 18. Bf1 Nxh3+ 19. gxh3 Bxd2 20. Qxd2 Bxf3
21. Qf4 Bd5 22. b3 Nf6 23. Be2 Ba8 24. f3 Nd5 25. Qd2 Qh4 26. Bf1 Qf6 27. Bg2
Rd8 28. Qf2 Nf4 29. Bxf4 Qxf4 30. Rc3 Bb7 31. Rc4 b5 32. Rb4 Bc6 33. a4 a5 34.
axb5 axb4 35. bxc6 Qc1+ 36. Kh2 Qxc6 37. Bf1 Qd6+ 38. Kg2 Qxd4 39. Qg3 Qb2+ 40.
Kg1 Qxb3 41. Qc7 Qe3+ 42. Kh2 Qd2+ 0-1

[Event "FBL 1"]
[Site "?"]
[Date "2018.10.27"]
[Round "1.1"]
[White "Boric, Elena"]
[Black "Sieber, Fiona"]
[Result "1-0"]
[WhiteElo "2190"]
[BlackElo "2246"]
[PlyCount "107"]
[EventDate "2018.10.27"]
[EventType "team-tourn"]
[EventCountry "GER"]
[WhiteTeam "Muenchen FC Bayern"]
[BlackTeam "Lehrte SK"]
[WhiteTeamCountry "GER"]
[BlackTeamCountry "GER"]

1. d4 Nf6 2. Nf3 g6 3. c4 Bg7 4. Nc3 d5 5. e3 O-O 6. cxd5 Nxd5 7. Bc4 Nb6 8.
Bb3 c5 9. O-O cxd4 10. Nxd4 e5 11. Ndb5 Nc6 12. Qxd8 Rxd8 13. e4 Nd4 14. Bg5
Nxb3 15. axb3 f6 16. Be3 Bd7 17. Nxa7 Nc8 18. Nxc8 Raxc8 19. Ra7 Rb8 20. Bb6
Rdc8 21. Nd5 Rc2 22. Bc7 Re8 23. Rxb7 Bc6 24. Rb8 Rxb8 25. Bxb8 Bxd5 26. exd5
Rd2 27. d6 Bf8 28. Rc1 Bxd6 29. Bxd6 Rxd6 30. Kf1 Rd2 31. Rc8+ Kf7 32. Rc7+ Ke6
33. Rxh7 Rxb2 34. Rb7 e4 35. h4 Ke5 36. g3 Kf5 37. Rb6 Ke5 38. b4 Kf5 39. b5
Ke5 40. Rb8 f5 41. b6 Rb1+ 42. Ke2 Rb2+ 43. Ke1 e3 44. fxe3 Ke4 45. b7 Kf3 46.
Kd1 Kxg3 47. h5 gxh5 48. Rg8+ Kf2 49. b8=Q Rxb8 50. Rxb8 h4 51. Rh8 Kg3 52. Ke2
h3 53. Kf1 h2 54. Rh7 1-0

[Event "FBL 1"]
[Site "?"]
[Date "2018.10.27"]
[Round "1.2"]
[White "Hapala, Elisabeth"]
[Black "Santeramo, Alessia"]
[Result "0-1"]
[WhiteElo "2145"]
[BlackElo "2054"]
[PlyCount "100"]
[EventDate "2018.10.27"]
[EventType "team-tourn"]
[EventCountry "GER"]
[WhiteTeam "Lehrte SK"]
[BlackTeam "Muenchen FC Bayern"]
[WhiteTeamCountry "GER"]
[BlackTeamCountry "GER"]

1. e4 e5 2. Nf3 Nc6 3. Bb5 a6 4. Ba4 Nf6 5. O-O Be7 6. Re1 b5 7. Bb3 d6 8. c3
O-O 9. h3 Na5 10. Bc2 c5 11. d4 Qc7 12. Nbd2 Bd7 13. Nf1 Nc4 14. Ng3 g6 15. d5
Rfc8 16. Nh2 Bf8 17. Bg5 Bg7 18. b3 Nb6 19. Qf3 Ne8 20. Ng4 Bxg4 21. Qxg4 c4
22. b4 a5 23. a3 Ra6 24. Rac1 axb4 25. axb4 Rca8 26. Bb1 Ra3 27. h4 Na4 28. Qf3
h5 29. Ne2 Qd7 30. Qe3 Bf6 31. Rf1 Qg4 32. f3 Bxg5 33. hxg5 Qh4 34. Rf2 f6 35.
gxf6 Nxf6 36. Qh6 Kf7 37. g3 Qh3 38. Rh2 Qd7 39. f4 Qa7+ 40. Kh1 Qe3 41. Rf1
Rg8 42. Ng1 Rxc3 43. Re2 Qxg3 44. fxe5 dxe5 45. Ref2 Ke7 46. Rg2 Qh4+ 47. Rh2
Qxh2+ 48. Kxh2 Ng4+ 49. Kg2 Nxh6 50. Rd1 Rh8 0-1

[Event "FBL 1"]
[Site "?"]
[Date "2018.10.27"]
[Round "1.3"]
[White "Giss, Helene"]
[Black "Duessler, Stefanie"]
[Result "1-0"]
[WhiteElo "2038"]
[BlackElo "2115"]
[PlyCount "93"]
[EventDate "2018.10.27"]
[EventType "team-tourn"]
[EventCountry "GER"]
[WhiteTeam "Muenchen FC Bayern"]
[BlackTeam "Lehrte SK"]
[WhiteTeamCountry "GER"]
[BlackTeamCountry "GER"]

1. e4 c5 2. d3 Nc6 3. Nc3 g6 4. Be3 d6 5. d4 cxd4 6. Bxd4 Nxd4 7. Qxd4 Nf6 8.
e5 dxe5 9. Bb5+ Bd7 10. Qxe5 Bg7 11. O-O-O O-O 12. Bxd7 Nxd7 13. Qb5 Bxc3 14.
Rxd7 Qa5 15. Qxa5 Bxa5 16. Rxe7 Rfe8 17. Rxe8+ Rxe8 18. Nh3 Bb6 19. Rf1 h5 20.
g3 Kg7 21. Nf4 h4 22. Nd3 Kf6 23. Kd2 Kg5 24. Re1 Rxe1 25. Kxe1 Bc7 26. Kf1 Kg4
27. Kg2 h3+ 28. Kf1 Kf3 29. Ne1+ Ke4 30. Ke2 g5 31. f3+ Kd5 32. Nd3 Bb6 33. Nf2
Bxf2 34. Kxf2 f5 35. Ke3 b5 36. f4 g4 37. Kd3 a5 38. c3 Kc5 39. b3 a4 40. bxa4
bxa4 41. a3 Kd5 42. c4+ Kd6 43. Kd4 Kc6 44. c5 Kd7 45. Ke5 Kc6 46. Kxf5 Kxc5
47. Kxg4 1-0

[Event "FBL 1"]
[Site "?"]
[Date "2018.10.27"]
[Round "1.4"]
[White "Boehm, Jana"]
[Black "Dirmeier, Carolin"]
[Result "1-0"]
[WhiteElo "2001"]
[BlackElo "1941"]
[PlyCount "63"]
[EventDate "2018.10.27"]
[EventType "team-tourn"]
[EventCountry "GER"]
[WhiteTeam "Lehrte SK"]
[BlackTeam "Muenchen FC Bayern"]
[WhiteTeamCountry "GER"]
[BlackTeamCountry "GER"]

1. e4 c5 2. Nf3 Nc6 3. d4 cxd4 4. Nxd4 Nf6 5. Nc3 e5 6. Ndb5 d6 7. Bg5 a6 8.
Na3 b5 9. Nd5 Be7 10. Bxf6 Bxf6 11. c3 O-O 12. Nc2 Bg5 13. a4 bxa4 14. Rxa4 a5
15. Bc4 Rb8 16. b3 Kh8 17. O-O f5 18. exf5 Bxf5 19. Nce3 Bg6 20. Qe2 e4 21. Qa2
Bh6 22. Ng4 Qh4 23. Nxh6 Qxh6 24. Ne3 Rf4 25. Bd5 Ne5 26. Rxa5 Rbf8 27. Ra8 Be8
28. Qe2 Rh4 29. Nf5 Nf3+ 30. Qxf3 Qg5 31. Bxe4 Rf4 32. Qd3 1-0

[Event "FBL 1"]
[Site "?"]
[Date "2018.10.27"]
[Round "1.5"]
[White "Ankerst, Milka"]
[Black "Manusina, Nicole"]
[Result "0-1"]
[WhiteElo "2038"]
[BlackElo "1948"]
[PlyCount "74"]
[EventDate "2018.10.27"]
[EventType "team-tourn"]
[EventCountry "GER"]
[WhiteTeam "Muenchen FC Bayern"]
[BlackTeam "Lehrte SK"]
[WhiteTeamCountry "GER"]
[BlackTeamCountry "GER"]

1. e4 c6 2. Nc3 d5 3. Nf3 Bg4 4. h3 Bxf3 5. Qxf3 e6 6. d4 dxe4 7. Qxe4 Nf6 8.
Qe3 Be7 9. Bd2 O-O 10. Bd3 Nbd7 11. O-O c5 12. Rfe1 cxd4 13. Qxd4 Nc5 14. Qe3
Nxd3 15. cxd3 a6 16. Ne4 Rc8 17. Rad1 Nd5 18. Qg3 Bf6 19. Nd6 Rc2 20. Nxb7 Qb6
21. Nd6 Qxb2 22. Nc4 Qxa2 23. Bh6 Kh8 24. Bd2 Bc3 25. Qd6 Kg8 26. Rb1 h6 27.
Bxc3 Rxc3 28. Ne5 Qa3 29. Qxa3 Rxa3 30. Rb7 a5 31. g3 a4 32. Ra7 Nb4 33. Re3
Ra1+ 34. Kg2 a3 35. Rf3 a2 36. Nxf7 Rb1 37. Nxh6+ gxh6 0-1

[Event "FBL 1"]
[Site "?"]
[Date "2018.10.27"]
[Round "1.6"]
[White "Zschischang, Marine"]
[Black "Klenk, Sofie"]
[Result "1-0"]
[WhiteElo "2072"]
[BlackElo "1873"]
[PlyCount "83"]
[EventDate "2018.10.27"]
[EventType "team-tourn"]
[EventCountry "GER"]
[WhiteTeam "Lehrte SK"]
[BlackTeam "Muenchen FC Bayern"]
[WhiteTeamCountry "GER"]
[BlackTeamCountry "GER"]

1. d4 d5 2. c4 dxc4 3. e3 e5 4. Bxc4 exd4 5. exd4 Nf6 6. Nc3 Bd6 7. Nf3 O-O 8.
O-O Nc6 9. Bg5 Be7 10. h3 h6 11. Be3 Bf5 12. Ne5 Nxe5 13. dxe5 Nd7 14. f4 Bc5
15. Qf3 Bxe3+ 16. Qxe3 Nb6 17. Bb3 Qe7 18. Nb5 Be6 19. Rac1 c6 20. Nd4 Bxb3 21.
Qxb3 g6 22. Qg3 Rfe8 23. Nf5 Qf8 24. Nd6 Red8 25. Nxb7 Rd2 26. Rf2 Qb4 27. Qc3
Qxc3 28. Rxc3 Rxf2 29. Kxf2 Rb8 30. Na5 Nd5 31. Rb3 Rxb3 32. axb3 Nxf4 33. Nxc6
Nd3+ 34. Ke3 Nxb2 35. Kd2 a5 36. Nxa5 Kf8 37. Kc2 Nd1 38. Kxd1 Ke7 39. Kd2 Ke6
40. Nc4 Kd5 41. Kd3 g5 42. g4 1-0

[Event "FBL 1"]
[Site "?"]
[Date "2018.10.28"]
[Round "2.1"]
[White "Mar, Karmen"]
[Black "Zatonskih, Anna"]
[Result "1/2-1/2"]
[WhiteElo "2107"]
[BlackElo "2431"]
[PlyCount "93"]
[EventDate "2018.10.27"]
[EventType "team-tourn"]
[EventCountry "GER"]
[WhiteTeam "Hofheim SV"]
[BlackTeam "Baden Baden OSG"]
[WhiteTeamCountry "GER"]
[BlackTeamCountry "GER"]

1. e4 e6 2. d4 d5 3. Nd2 c5 4. exd5 Qxd5 5. Ngf3 cxd4 6. Bc4 Qd7 7. O-O Nc6 8.
Nb3 a6 9. Nbxd4 Nxd4 10. Nxd4 Qc7 11. Qe2 Bd6 12. h3 Ne7 13. Rd1 O-O 14. c3 Ng6
15. Bb3 b6 16. Bg5 Bh2+ 17. Kf1 Bf4 18. Bxf4 Nxf4 19. Qe3 Bb7 20. Nf3 Rad8 21.
Kg1 a5 22. Rxd8 Rxd8 23. Rd1 Rxd1+ 24. Bxd1 Qd6 25. Bc2 h6 26. h4 Kf8 27. Ne1
Ke7 28. a3 Kf6 29. Nf3 Ke7 30. Ne1 Kf6 31. Nf3 e5 32. Nxe5 Qxe5 33. Qxb6+ Qe6
34. Qxb7 Qe1+ 35. Kh2 Qxf2 36. Qc6+ Ke5 37. Qe4+ Kf6 38. Qc6+ Ke5 39. Qe4+ Kf6
40. Qd4+ Qxd4 41. cxd4 Ne2 42. d5 Ke5 43. b4 axb4 44. axb4 Nc3 45. Bb3 Nxd5 46.
b5 g5 47. hxg5 1/2-1/2

[Event "FBL 1"]
[Site "?"]
[Date "2018.10.28"]
[Round "2.2"]
[White "Kovalevskaya, Ekaterina"]
[Black "Winterholler, Christina"]
[Result "1-0"]
[WhiteElo "2403"]
[BlackElo "2053"]
[PlyCount "67"]
[EventDate "2018.10.27"]
[EventType "team-tourn"]
[EventCountry "GER"]
[WhiteTeam "Baden Baden OSG"]
[BlackTeam "Hofheim SV"]
[WhiteTeamCountry "GER"]
[BlackTeamCountry "GER"]

1. Nf3 d5 2. g3 c6 3. Bg2 g6 4. O-O Bg7 5. d4 Nf6 6. Be3 Ng4 7. Bf4 Qb6 8. c4
Qxb2 9. Nbd2 Bxd4 10. Rb1 Nxf2 11. Rxf2 Bxf2+ 12. Kxf2 Qa3 13. Rb3 Qa5 14. Qa1
Rg8 15. Re3 Nd7 16. Bd6 e6 17. Qd4 dxc4 18. Nxc4 Qd8 19. Ba3 Qf6 20. Nd6+ Kd8
21. Qd2 Kc7 22. Ne4 Qf5 23. Qd6+ Kb6 24. Rb3+ Ka6 25. Qd3+ b5 26. Qe3 h5 27.
Nd6 Qf6 28. Bb2 Qd8 29. Ra3+ Qa5 30. Rxa5+ Kxa5 31. Nd4 c5 32. Nb3+ Kb6 33.
Bxa8 Ba6 34. Bf3 1-0

[Event "FBL 1"]
[Site "?"]
[Date "2018.10.28"]
[Round "2.3"]
[White "Roessler, Ulrike"]
[Black "Kachiani Gersinska, Ketino"]
[Result "1-0"]
[WhiteElo "2109"]
[BlackElo "2321"]
[PlyCount "67"]
[EventDate "2018.10.27"]
[EventType "team-tourn"]
[EventCountry "GER"]
[WhiteTeam "Hofheim SV"]
[BlackTeam "Baden Baden OSG"]
[WhiteTeamCountry "GER"]
[BlackTeamCountry "GER"]

1. e4 c6 2. d4 d5 3. exd5 cxd5 4. Bd3 Nc6 5. c3 Qc7 6. h3 e5 7. dxe5 Nxe5 8.
Nf3 Nc6 9. O-O Bd6 10. Re1+ Nge7 11. Na3 a6 12. Nc2 h6 13. Ncd4 O-O 14. Bc2 Bd7
15. Qd3 Ng6 16. Nf5 Bxf5 17. Qxf5 Rfd8 18. h4 d4 19. Bb3 Nf8 20. Bxh6 gxh6 21.
Re4 Kg7 22. Rg4+ Ng6 23. h5 Qd7 24. Be6 Qxe6 25. Rxg6+ Qxg6 26. hxg6 fxg6 27.
Qe6 dxc3 28. bxc3 Be7 29. Ne5 Nxe5 30. Qxe7+ Nf7 31. Re1 Rac8 32. Re6 Re8 33.
Qf6+ Kf8 34. Rb6 1-0

[Event "FBL 1"]
[Site "?"]
[Date "2018.10.28"]
[Round "2.4"]
[White "Tammert, Iamze"]
[Black "Kushka, Alena"]
[Result "1/2-1/2"]
[WhiteElo "2310"]
[BlackElo "2142"]
[PlyCount "115"]
[EventDate "2018.10.27"]
[EventType "team-tourn"]
[EventCountry "GER"]
[WhiteTeam "Baden Baden OSG"]
[BlackTeam "Hofheim SV"]
[WhiteTeamCountry "GER"]
[BlackTeamCountry "GER"]

1. Nf3 c5 2. g3 g6 3. Bg2 Bg7 4. d4 cxd4 5. Nxd4 Nc6 6. Nxc6 bxc6 7. c4 Nf6 8.
Nc3 Qa5 9. Bd2 Qh5 10. O-O O-O 11. e3 Qc5 12. Rc1 Qxc4 13. Nd5 Qxa2 14. Ra1 Qc4
15. Ra4 Qd3 16. Ra3 Qc4 17. Rc3 Qb5 18. Nc7 Qb8 19. Nxa8 Ba6 20. Re1 Qxa8 21.
Ra3 Bb5 22. Bc3 Qb7 23. e4 Rb8 24. Qd2 a6 25. Rd1 Bc4 26. b3 Be6 27. Rb1 Qb5
28. Ra5 Qb6 29. Bxf6 Bxf6 30. Bf1 Ra8 31. b4 d5 32. exd5 Bxd5 33. Bg2 Bc4 34.
Rc5 Rd8 35. Qf4 Bb5 36. Rbc1 Rd6 37. Bf1 Bd4 38. Bxb5 axb5 39. R5c2 Rf6 40. Qe4
Bxf2+ 41. Kg2 Qd4 42. Re2 Qxe4+ 43. Rxe4 Kf8 44. Ra1 c5 45. Ra8+ Kg7 46. Rxe7
cxb4 47. Rb7 Be1 48. Rxb5 h5 49. Re8 Bc3 50. Re7 Rc6 51. Rd7 Rf6 52. Rbb7 Be1
53. Rd8 h4 54. Re8 Bc3 55. g4 Rf4 56. Kh3 g5 57. Rbb8 Bd4 58. Re2 1/2-1/2

[Event "FBL 1"]
[Site "?"]
[Date "2018.10.28"]
[Round "2.5"]
[White "Barpiyeva, Gulsana"]
[Black "Heinemann, Josefine"]
[Result "0-1"]
[WhiteElo "2056"]
[BlackElo "2308"]
[PlyCount "112"]
[EventDate "2018.10.27"]
[EventType "team-tourn"]
[EventCountry "GER"]
[WhiteTeam "Hofheim SV"]
[BlackTeam "Baden Baden OSG"]
[WhiteTeamCountry "GER"]
[BlackTeamCountry "GER"]

1. Nf3 c5 2. c4 Nf6 3. Nc3 d5 4. cxd5 Nxd5 5. g3 Nc6 6. Bg2 Nc7 7. O-O e5 8. b3
Be7 9. Bb2 f6 10. e3 O-O 11. d4 cxd4 12. exd4 exd4 13. Ne2 d3 14. Nf4 Nb4 15.
a3 g5 16. axb4 gxf4 17. Nd4 fxg3 18. hxg3 Bxb4 19. Qxd3 Rf7 20. Qc4 a5 21. Bf3
Kg7 22. Rad1 Qf8 23. Bh5 Re7 24. Kg2 Ra6 25. Rh1 Rd6 26. Qc2 Kh8 27. Bg6 Rdd7
28. Rh4 Rg7 29. Rdh1 Qg8 30. Be4 Nd5 31. Nf5 Rg5 32. Bc1 Rc7 33. Qd3 Bxf5 34.
Bxg5 Bxe4+ 35. Qxe4 Re7 36. Qf5 fxg5 37. Rc4 Rf7 38. Qe5+ Nf6 39. Rhc1 Qg6 40.
Rc8+ Kg7 41. f3 g4 42. R1c7 gxf3+ 43. Kxf3 Qd3+ 44. Kg2 Qd2+ 45. Kh3 Bd6 46.
Rxf7+ Kxf7 47. Qb5 Qe3 48. Qc4+ Kg7 49. Qc3 Qe6+ 50. Kg2 Qe2+ 51. Kh3 Be5 52.
Qc4 Qf3 53. Rc7+ Bxc7 54. Qxc7+ Kg6 55. Qc1 Ne4 56. Qe1 Qxg3+ 0-1

[Event "FBL 1"]
[Site "?"]
[Date "2018.10.28"]
[Round "2.6"]
[White "Haussernot, Cecile"]
[Black "Rieseler, Caroline"]
[Result "1-0"]
[WhiteElo "2204"]
[BlackElo "2119"]
[PlyCount "129"]
[EventDate "2018.10.27"]
[EventType "team-tourn"]
[EventCountry "GER"]
[WhiteTeam "Baden Baden OSG"]
[BlackTeam "Hofheim SV"]
[WhiteTeamCountry "GER"]
[BlackTeamCountry "GER"]

1. e4 c5 2. Nf3 Nc6 3. Nc3 g6 4. Bb5 Bg7 5. O-O Nd4 6. Nxd4 cxd4 7. Ne2 Qb6 8.
a4 Nf6 9. d3 O-O 10. f4 d5 11. exd5 Nxd5 12. Kh1 Bg4 13. h3 Be6 14. Qe1 Rac8
15. Bc4 Nb4 16. Bxe6 fxe6 17. a5 Qd6 18. Ra4 Nxc2 19. Qg3 Qd7 20. b3 Qb5 21.
Rc4 Qxa5 22. Bb2 Qd5 23. Rc1 b5 24. R4xc2 Rxc2 25. Rxc2 Qxb3 26. Rd2 Qb4 27.
Qe1 e5 28. Qc1 exf4 29. Ba3 Qa5 30. Bxe7 Re8 31. Bg5 f3 32. gxf3 Qb6 33. Rc2
Qe6 34. Kg2 Qf5 35. Ng3 Qe6 36. Ne4 b4 37. Rc7 a5 38. Qa1 Qd5 39. Rc5 Qb3 40.
Qxa5 Qxd3 41. Qxb4 h6 42. Qd2 Qa3 43. Bxh6 Rf8 44. Bxg7 Qxf3+ 45. Kh2 Kxg7 46.
Qxd4+ Kg8 47. Qc4+ Kh8 48. Qc3+ Qxc3 49. Rxc3 Rf4 50. Ng5 Ra4 51. Rc7 Ra3 52.
Kg2 Kg8 53. Nf3 Kf8 54. Kg3 Ra4 55. h4 Kg8 56. Ne5 Ra1 57. Kf4 Rg1 58. Ng4 Rh1
59. Kg5 Kf8 60. Rh7 Rg1 61. Kf6 Kg8 62. Rg7+ Kh8 63. Rxg6 Kh7 64. Kf7 Rf1+ 65.
Nf6+ 1-0

[Event "FBL 1"]
[Site "?"]
[Date "2018.10.28"]
[Round "2.1"]
[White "Burchardt, Brigitte"]
[Black "Boric, Elena"]
[Result "1/2-1/2"]
[WhiteElo "2205"]
[BlackElo "2190"]
[PlyCount "67"]
[EventDate "2018.10.27"]
[EventType "team-tourn"]
[EventCountry "GER"]
[WhiteTeam "Berlin SC Rotation Pankow"]
[BlackTeam "Muenchen FC Bayern"]
[WhiteTeamCountry "GER"]
[BlackTeamCountry "GER"]

1. e4 Nf6 2. Nc3 d5 3. exd5 Nxd5 4. Nf3 Bg4 5. h3 Bxf3 6. Qxf3 e6 7. Nxd5 Qxd5
8. Qxd5 exd5 9. d4 Bd6 10. Bd3 O-O 11. O-O Nc6 12. c3 a6 13. Be3 b5 14. b4 Ne7
15. a4 c6 16. Rfe1 h6 17. g3 Rfe8 18. Kg2 Kf8 19. Re2 a5 20. axb5 axb4 21. Rxa8
Rxa8 22. cxb4 cxb5 23. Bxb5 Bxb4 24. Rb2 Bd6 25. Bd3 Ra3 26. Bb1 Ra8 27. Ra2
Rxa2 28. Bxa2 Ke8 29. g4 Kd7 30. f4 g6 31. Kf3 Ke6 32. f5+ gxf5 33. Bxh6 fxg4+
34. hxg4 1/2-1/2

[Event "FBL 1"]
[Site "?"]
[Date "2018.10.28"]
[Round "2.2"]
[White "Santeramo, Alessia"]
[Black "Jahn, Constanze"]
[Result "1/2-1/2"]
[WhiteElo "2054"]
[BlackElo "2084"]
[PlyCount "64"]
[EventDate "2018.10.27"]
[EventType "team-tourn"]
[EventCountry "GER"]
[WhiteTeam "Muenchen FC Bayern"]
[BlackTeam "Berlin SC Rotation Pankow"]
[WhiteTeamCountry "GER"]
[BlackTeamCountry "GER"]

1. e4 c5 2. Nf3 Nc6 3. Bb5 Na5 4. O-O a6 5. Be2 d6 6. d4 cxd4 7. Qxd4 Nc6 8.
Qd3 Qc7 9. c4 Bg4 10. b3 Nf6 11. Bb2 Bxf3 12. Qxf3 Ne5 13. Qe3 e6 14. Nc3 Be7
15. Rac1 O-O 16. Kh1 Ned7 17. f4 Rac8 18. g4 Qb6 19. Qf3 Nc5 20. g5 Nfd7 21.
Qh5 Rfe8 22. Rcd1 Bf8 23. Bf3 g6 24. Qg4 Bg7 25. Bg2 f5 26. exf5 gxf5 27. Qh5
Nf8 28. Rf3 Ne4 29. Na4 Nf2+ 30. Kg1 Nh3+ 31. Kh1 Nf2+ 32. Kg1 Nh3+ 1/2-1/2

[Event "FBL 1"]
[Site "?"]
[Date "2018.10.28"]
[Round "2.3"]
[White "Wagner Michel, Annett"]
[Black "Giss, Helene"]
[Result "1-0"]
[WhiteElo "2120"]
[BlackElo "2038"]
[PlyCount "87"]
[EventDate "2018.10.27"]
[EventType "team-tourn"]
[EventCountry "GER"]
[WhiteTeam "Berlin SC Rotation Pankow"]
[BlackTeam "Muenchen FC Bayern"]
[WhiteTeamCountry "GER"]
[BlackTeamCountry "GER"]

1. e4 e6 2. d4 d5 3. Nd2 c5 4. dxc5 Bxc5 5. Nb3 Bb6 6. exd5 Qxd5 7. Qxd5 exd5
8. Nf3 Nc6 9. Bb5 Bd7 10. O-O O-O-O 11. c3 h6 12. a4 a6 13. Bxc6 Bxc6 14. Nbd4
Bc7 15. b4 Nf6 16. Nf5 Bd7 17. N3d4 g6 18. Ne3 Rhe8 19. h3 Bb6 20. Rd1 Be6 21.
Nec2 Ne4 22. Rd3 g5 23. Be3 Bc7 24. b5 Nc5 25. Rdd1 Bd6 26. bxa6 Nxa6 27. Nb5
Bc5 28. Ncd4 Rd7 29. Rdb1 f5 30. Re1 Bxd4 31. Bxd4 Bf7 32. Rxe8+ Bxe8 33. Re1
Bf7 34. Bb6 f4 35. f3 d4 36. cxd4 Nb4 37. Rc1+ Nc6 38. Na7+ Kb8 39. Nxc6+ bxc6
40. Rxc6 Bb3 41. a5 Rh7 42. a6 Ba4 43. a7+ Kb7 44. Rc8 1-0

[Event "FBL 1"]
[Site "?"]
[Date "2018.10.28"]
[Round "2.4"]
[White "Dirmeier, Carolin"]
[Black "Goehler, Antje"]
[Result "1/2-1/2"]
[WhiteElo "1941"]
[BlackElo "2095"]
[PlyCount "38"]
[EventDate "2018.10.27"]
[EventType "team-tourn"]
[EventCountry "GER"]
[WhiteTeam "Muenchen FC Bayern"]
[BlackTeam "Berlin SC Rotation Pankow"]
[WhiteTeamCountry "GER"]
[BlackTeamCountry "GER"]

1. e4 c5 2. Nf3 d6 3. d4 cxd4 4. Nxd4 Nf6 5. Nc3 a6 6. Bg5 e6 7. f4 Be7 8. Qf3
Qc7 9. O-O-O Nbd7 10. g4 O-O 11. Bxf6 Bxf6 12. g5 Bxd4 13. Rxd4 b5 14. Bg2 Bb7
15. Rhd1 Rac8 16. R1d2 Nb6 17. Qh3 Nc4 18. Re2 Qc5 19. Rd3 b4 1/2-1/2

[Event "FBL 1"]
[Site "?"]
[Date "2018.10.28"]
[Round "2.5"]
[White "Heyme, Sibylle"]
[Black "Ankerst, Milka"]
[Result "1-0"]
[WhiteElo "2029"]
[BlackElo "2038"]
[PlyCount "125"]
[EventDate "2018.10.27"]
[EventType "team-tourn"]
[EventCountry "GER"]
[WhiteTeam "Berlin SC Rotation Pankow"]
[BlackTeam "Muenchen FC Bayern"]
[WhiteTeamCountry "GER"]
[BlackTeamCountry "GER"]

1. Nf3 Nf6 2. e3 e6 3. c4 d5 4. Nc3 c5 5. cxd5 Nxd5 6. Be2 Be7 7. O-O O-O 8.
Qc2 Nc6 9. a3 Nf6 10. Rd1 Bd7 11. b3 Qc7 12. Bb2 b6 13. Rac1 Rac8 14. Ba6 Rcd8
15. Ng5 h6 16. Nge4 Nxe4 17. Nxe4 f5 18. Ng3 Bf6 19. d4 cxd4 20. exd4 Qb8 21.
Nh5 Bg5 22. d5 Bxc1 23. Qxc1 exd5 24. Bxg7 Qd6 25. Bxh6 Rf7 26. Qg5+ Kh7 27.
Bg7 Qg6 28. Bf6 Qxg5 29. Bxg5 Ne7 30. h4 Bc6 31. Bd3 Rdf8 32. Re1 Ng8 33. Re6
Bb7 34. g4 Bc8 35. gxf5 Bxe6 36. fxe6+ Rf5 37. e7 Nxe7 38. Bxe7 Kh6 39. Bxf8+
Rxf8 40. Ng3 Rf4 41. Kg2 Rf7 42. Nf5+ Kh5 43. Be2+ Kg6 44. Nd4 Kf6 45. f4 Ke7
46. Kg3 Kd6 47. h5 Kc5 48. Ne6+ Kd6 49. Bg4 Rf6 50. Kf3 Rh6 51. Ke3 Rh8 52. Ng5
Kc5 53. Kd3 a5 54. Ne6+ Kd6 55. Kd4 Rg8 56. Ng5 Rf8 57. Ke3 Re8+ 58. Kf3 Ke7
59. h6 Kf6 60. Be6 Rd8 61. h7 Kg7 62. Bg8 Rd7 63. Nf7 1-0

[Event "FBL 1"]
[Site "?"]
[Date "2018.10.28"]
[Round "2.6"]
[White "Klenk, Sofie"]
[Black "Mai, Iris"]
[Result "0-1"]
[WhiteElo "1873"]
[BlackElo "2011"]
[PlyCount "60"]
[EventDate "2018.10.27"]
[EventType "team-tourn"]
[EventCountry "GER"]
[WhiteTeam "Muenchen FC Bayern"]
[BlackTeam "Berlin SC Rotation Pankow"]
[WhiteTeamCountry "GER"]
[BlackTeamCountry "GER"]

1. e4 b6 2. d4 Bb7 3. Bd3 e6 4. Nf3 c5 5. O-O cxd4 6. Nxd4 Nc6 7. c3 Nge7 8. f4
a6 9. Nd2 d5 10. e5 g6 11. N2f3 Bg7 12. Ng5 Nxd4 13. cxd4 Qd7 14. Be3 h6 15.
Nf3 O-O 16. g4 Bc6 17. a4 b5 18. b3 bxa4 19. bxa4 a5 20. f5 exf5 21. gxf5 Nxf5
22. Bd2 Qe6 23. Qc2 Nxd4 24. Nxd4 Qg4+ 25. Kh1 Qxd4 26. Bc3 Qc5 27. Bb2 Qxc2
28. Bxc2 d4+ 29. Kg1 Bxe5 30. Ba3 d3 0-1